Trials in Burma (Record no. 362864)

000 -LEADER
fixed length control field 00351cam a22001217a 4500
008 - FIXED-LENGTH DATA ELEMENTS--GENERAL INFORMATION
fixed length control field 180718b1958 xxu||||| |||| 00| 0 eng d
082 ## - DEWEY DECIMAL CLASSIFICATION NUMBER
Classification number F5x591 C697
100 ## - MAIN ENTRY--PERSONAL NAME
Personal name Collis, Maurice
245 ## - TITLE STATEMENT
Title Trials in Burma
Statement of responsibility, etc. by Maurice Collis
260 ## - PUBLICATION, DISTRIBUTION, ETC.
Place of publication, distribution, etc. London
Name of publisher, distributor, etc. Feber & Feber
Date of publication, distribution, etc. 1958
300 ## - PHYSICAL DESCRIPTION
Extent 239p.
650 ## - SUBJECT ADDED ENTRY--TOPICAL TERM
Topical term or geographic name entry element Collis, Maurice, 1889- --Politics and government
Holdings
Withdrawn status Lost status Damaged status Not for loan Permanent Location Current Location Date acquired Full call number Barcode Date last seen Price effective from Koha item type
        Indian Institute of Public Administration Indian Institute of Public Administration 1994-03-28 F5x591 C697 19634 2018-07-21 2018-07-21 Book

Powered by Koha